Making it : (Record no. 353819)
[ view plain ]
| 000 -LEADER | |
|---|---|
| fixed length control field | 01528nam a2200265 a 4500 |
| 001 - CONTROL NUMBER | |
| control field | ASIN1856695069 |
| 003 - CONTROL NUMBER IDENTIFIER | |
| control field | OSt |
| 005 - DATE AND TIME OF LATEST TRANSACTION | |
| control field | 20180116192418.0 |
| 008 - FIXED-LENGTH DATA ELEMENTS--GENERAL INFORMATION | |
| fixed length control field | 130823s2007 xxu eng d |
| 020 ## - INTERNATIONAL STANDARD BOOK NUMBER | |
| International Standard Book Number | 1856695069 (paperback) |
| Terms of availability | $35.00 |
| 020 ## - INTERNATIONAL STANDARD BOOK NUMBER | |
| International Standard Book Number | 9781856695060 (paperback) |
| 040 ## - CATALOGING SOURCE | |
| Transcribing agency | 00 |
| 050 04 - LIBRARY OF CONGRESS CALL NUMBER | |
| Classification number | TS183 |
| 082 04 - DEWEY DECIMAL CLASSIFICATION NUMBER | |
| Classification number | 670 |
| 100 1# - MAIN ENTRY--PERSONAL NAME | |
| Personal name | Lefteri, Chris. |
| 9 (RLIN) | 7043 |
| 245 10 - TITLE STATEMENT | |
| Title | Making it : |
| Remainder of title | manufacturing techniques for product design / |
| Statement of responsibility, etc. | Chris Lefteri. |
| 260 ## - PUBLICATION, DISTRIBUTION, ETC. | |
| Place of publication, distribution, etc. | London : |
| Name of publisher, distributor, etc. | Laurence King Publishers, |
| Date of publication, distribution, etc. | 2007. |
| 300 ## - PHYSICAL DESCRIPTION | |
| Extent | 224 p. ; |
| Dimensions | 24 cm. |
| 520 ## - SUMMARY, ETC. | |
| Summary, etc. | There are many different ways in which a product can be manufactured, but most designers probably know only a handful of techniques in any detail. Using contemporary design as a vehicle to describe production processes, this book covers a broad range of almost 90 production methods with descriptive text, specially commissioned diagrams, product shots, and photographs of the manufacturing process. It will appeal not only to product designers involved in lighting, consumer electronics, packaging, domestic accessories and tableware, but also to interior designers, furniture and graphic designers who need access to a range of production methods, as well as to all students of design. |
| 650 #0 - SUBJECT ADDED ENTRY--TOPICAL TERM | |
| Topical term or geographic name entry element | Industrial design |
| 9 (RLIN) | 7044 |
| 650 #0 - SUBJECT ADDED ENTRY--TOPICAL TERM | |
| Topical term or geographic name entry element | Manufacturing processes |
| 9 (RLIN) | 7045 |
| 856 40 - ELECTRONIC LOCATION AND ACCESS | |
| Materials specified | Amazon.com |
| Uniform Resource Identifier | <a href="http://www.amazon.com/exec/obidos/ASIN/1856695069/chopaconline-20">http://www.amazon.com/exec/obidos/ASIN/1856695069/chopaconline-20</a> |
| 942 ## - ADDED ENTRY ELEMENTS (KOHA) | |
| Source of classification or shelving scheme | |
| Koha item type | Book |
| Withdrawn status | Lost status | Source of classification or shelving scheme | Damaged status | Not for loan | Permanent Location | Current Location | Date acquired | Total Checkouts | Total Renewals | Full call number | Barcode | Date last seen | Date last checked out | Cost, replacement price | Price effective from | Koha item type |
|---|---|---|---|---|---|---|---|---|---|---|---|---|---|---|---|---|
| School of Art Design and Architecture (SADA) | School of Art Design and Architecture (SADA) | 06/20/2013 | 3 | 1 | 670 LEF 2007 | SADA0002072 | 08/25/2016 | 08/25/2016 | 2765.97 | 08/23/2013 | Book |
